The Cambridge companion to Maimonides / (Record no. 119216)
[ view plain ]
| 000 -LEADER | |
|---|---|
| fixed length control field | 02173cam a22003614a 4500 |
| 001 - CONTROL NUMBER | |
| control field | 13701768 |
| 003 - CONTROL NUMBER IDENTIFIER | |
| control field | ARRUPE |
| 005 - DATE AND TIME OF LATEST TRANSACTION | |
| control field | 20131211164350.0 |
| 008 - FIXED-LENGTH DATA ELEMENTS--GENERAL INFORMATION | |
| fixed length control field | 040827s2005 enk b 001 0 eng |
| 010 ## - LIBRARY OF CONGRESS CONTROL NUMBER | |
| LC control number | 2004020376 |
| 020 ## - INTERNATIONAL STANDARD BOOK NUMBER | |
| International Standard Book Number | 0521819741 (hardback) |
| 020 ## - INTERNATIONAL STANDARD BOOK NUMBER | |
| International Standard Book Number | 0521525780 (pbk.) |
| 040 ## - CATALOGING SOURCE | |
| Original cataloging agency | DLC |
| Transcribing agency | DLC |
| Modifying agency | DLC |
| 042 ## - AUTHENTICATION CODE | |
| Authentication code | pcc |
| 050 00 - LIBRARY OF CONGRESS CALL NUMBER | |
| Classification number | BM755.M6 |
| Item number | C36 2005 |
| 082 00 - DEWEY DECIMAL CLASSIFICATION NUMBER | |
| Classification number | 181/.06 |
| Edition number | 22 |
| 300 ## - PHYSICAL DESCRIPTION | |
| Dimensions | 24 cm. |
| 245 04 - TITLE STATEMENT | |
| Title | The Cambridge companion to Maimonides / |
| Statement of responsibility, etc | edited by Kenneth Seeskin. |
| 260 ## - PUBLICATION, DISTRIBUTION, ETC. (IMPRINT) | |
| Place of publication, distribution, etc | Cambridge ; |
| -- | New York : |
| Name of publisher, distributor, etc | Cambridge University Press, |
| Date of publication, distribution, etc | 2005. |
| 300 ## - PHYSICAL DESCRIPTION | |
| Extent | xv, 406 p. ; |
| 440 #0 - SERIES STATEMENT/ADDED ENTRY--TITLE | |
| Title | Cambridge companions to philosophy |
| 9 (RLIN) | 5539 |
| 504 ## - BIBLIOGRAPHY, ETC. NOTE | |
| Bibliography, etc | Includes bibliographical references (p. 361-389) and index. |
| 505 0# - FORMATTED CONTENTS NOTE | |
| Formatted contents note | Moses Maimonides : an intellectual portrait / Joel L. Kraemer -- The Guide and Maimonides' philosophical sources / Alfred L. Ivry -- Metaphysics and its transcendence / Kenneth Seeskin -- Maimonides' epistemology / Josef Stern -- Maimonides' philosophy of sciences / Gad Freudenthal -- Maimonides' moral theory / David Shatz -- Maimonides' political philosophy / Haim Kreisel -- Jurisprudence / David Novak -- Bible commentary / Sara Klein-Braslavy -- Spiritual life / Menachem Kellner -- Maimonides : esotericism and educational philosophy / Aviezer Ravitzky -- Maimonides : a guide for posterity / Seymour Feldman. |
| 600 10 - SUBJECT ADDED ENTRY--PERSONAL NAME | |
| Personal name | Maimonides, Moses, |
| Dates associated with a name | 1135-1204. |
| 9 (RLIN) | 5540 |
| 600 10 - SUBJECT ADDED ENTRY--PERSONAL NAME | |
| Personal name | Maimonides, Moses, |
| Dates associated with a name | 1135-1204 |
| General subdivision | Teachings. |
| 9 (RLIN) | 5541 |
| 650 #0 - SUBJECT ADDED ENTRY--TOPICAL TERM | |
| Topical term or geographic name as entry element | Jewish philosophy. |
| 9 (RLIN) | 5542 |
| 700 1# - ADDED ENTRY--PERSONAL NAME | |
| Personal name | Seeskin, Kenneth, |
| Dates associated with a name | 1947- |
| 9 (RLIN) | 5543 |
| 856 41 - ELECTRONIC LOCATION AND ACCESS | |
| Materials specified | Table of contents only |
| Uniform Resource Identifier | <a href="http://www.loc.gov/catdir/toc/ecip0422/2004020376.html">http://www.loc.gov/catdir/toc/ecip0422/2004020376.html</a> |
| 856 42 - ELECTRONIC LOCATION AND ACCESS | |
| Materials specified | Publisher description |
| Uniform Resource Identifier | <a href="http://www.loc.gov/catdir/enhancements/fy0632/2004020376-d.html">http://www.loc.gov/catdir/enhancements/fy0632/2004020376-d.html</a> |
| 856 42 - ELECTRONIC LOCATION AND ACCESS | |
| Materials specified | Contributor biographical information |
| Uniform Resource Identifier | <a href="http://www.loc.gov/catdir/enhancements/fy0732/2004020376-b.html">http://www.loc.gov/catdir/enhancements/fy0732/2004020376-b.html</a> |
| 906 ## - LOCAL DATA ELEMENT F, LDF (RLIN) | |
| a | 7 |
| b | cbc |
| c | orignew |
| d | 1 |
| e | ecip |
| f | 20 |
| g | y-gencatlg |
| 942 ## - ADDED ENTRY ELEMENTS (KOHA) | |
| Source of classification or shelving scheme | Library of Congress Classification |
| Koha item type | Monograph ( Printed materials) |
| Withdrawn status | Lost status | Source of classification or shelving scheme | Damaged status | Not for loan | Home library | Current library | Shelving location | Date acquired | Total Checkouts | Full call number | Barcode | Date last seen | Price effective from | Koha item type |
|---|---|---|---|---|---|---|---|---|---|---|---|---|---|---|
| Library of Congress Classification | ARRUPE LIBRARY | ARRUPE LIBRARY | Main Collection | 11/12/2013 | BM755.M6 C36 2005 | 464122961 | 11/12/2013 | 11/12/2013 | Monograph ( Printed materials) |